The end, the beginning & the continuum (Record no. 115969)
[ view plain ]
| 000 -LEADER | |
|---|---|
| fixed length control field | 00617cam a2200169 4500 |
| 001 - CONTROL NUMBER | |
| control field | L159511 |
| 008 - FIXED-LENGTH DATA ELEMENTS--GENERAL INFORMATION | |
| fixed length control field | 020415n2016 000 0 eng u |
| 035 ## - SYSTEM CONTROL NUMBER | |
| System control number | (Sirsi) u159511 |
| 050 ## - LIBRARY OF CONGRESS CALL NUMBER | |
| Classification number | 920 $2 18 |
| 100 ## - MAIN ENTRY--PERSONAL NAME | |
| Personal name | Inglis, Thomas L. |
| 245 #4 - TITLE STATEMENT | |
| Title | The end, the beginning & the continuum |
| Remainder of title | Robert Burns, (Hon)CS [1759 - 1796] |
| 260 ## - PUBLICATION, DISTRIBUTION, ETC. | |
| Date of publication, distribution, etc. | 2016 |
| 300 ## - PHYSICAL DESCRIPTION | |
| Extent | 4p. |
| Other physical details | ill. |
| 520 ## - SUMMARY, ETC. | |
| Summary, etc. | Describes the first Burns Supper and the award of the title, Honorary Chartered Surveyor, by RICS to the Scotland's national bard and land surveyor Robert Burns. |
| 690 ## - LOCAL SUBJECT ADDED ENTRY--TOPICAL TERM (OCLC, RLIN) | |
| Topical term or geographic name as entry element | ABOUT RICS-RICS MEMBERS-CHARTERED SURVEYORS |
| 942 ## - ADDED ENTRY ELEMENTS (KOHA) | |
| Suppress in OPAC | 0 |
| Withdrawn status | Lost status | Source of classification or shelving scheme | Damaged status | Not for loan | Home library | Current library | Shelving location | Date acquired | Total Checkouts | Full call number | Barcode | Date last seen | Copy number | Price effective from | Koha item type |
|---|---|---|---|---|---|---|---|---|---|---|---|---|---|---|---|
| Dewey Decimal Classification | London | London | RICS Boxes | 07/08/2017 | RICS 2016/12 | 30078517 | 06/08/2019 | 1 | 06/08/2019 | Reference material |